|
|
|
|
| LEADER |
00000cam a2200000 7i4500 |
| 001 |
0000037215 |
| 005 |
20130826.0 |
| 008 |
130826 |
| 020 |
|
|
|a 0446580619
|
| 090 |
0 |
0 |
|a 248.4
|b HAM
|
| 100 |
1 |
|
|a Hammond, Michelle McKinney
|
| 245 |
1 |
0 |
|a How to make love work :
|b the guide to getting it, keeping it, and fixing what's broken
|c Michelle McKinney Hammond
|
| 250 |
|
|
|a 1st ed
|
| 260 |
|
|
|a New York :
|b Faith Words ,
|c 2007
|
| 650 |
|
0 |
|a Love
|
| 650 |
|
0 |
|a Man
|x Woman relationship
|
| 650 |
|
0 |
|a Man
|x Woman relationship
|x Religious aspects
|x Christianity
|
| 999 |
|
|
|a 0001021400
|b Book
|c Adult Collection
|e Perbadanan Perpustakaan Awam Johor
|